كروم العنب و طرق إنتاجها / (رقم التسجيلة. 25017)

تفاصيل مارك
000 -LEADER
fixed length control field 00451nam a22001577a 4500
005 - DATE AND TIME OF LATEST TRANSACTION
control field 20251108165323.0
008 - FIXED-LENGTH DATA ELEMENTS--GENERAL INFORMATION
fixed length control field 250721s1985 xx 000 0 ara d
082 14 - DEWEY DECIMAL CLASSIFICATION NUMBER
Classification number 634.8/كرو
100 1# - MAIN ENTRY--PERSONAL NAME
Personal name سوريال، جميل فهيم
245 10 - TITLE STATEMENT
Title كروم العنب و طرق إنتاجها /
264 ## - PRODUCTION, PUBLICATION, DISTRIBUTION, MANUFACTURE, AND COPYRIGHT NOTICE
Name of producer, publisher, distributor, manufacturer الدار العربية للنشر،
Date of production, publication, distribution, manufacture, or copyright notice 1985.
300 ## - PHYSICAL DESCRIPTION
Extent 232ص : رسومات
650 17 - SUBJECT ADDED ENTRY--TOPICAL TERM
Topical term or geographic name as entry element العنب
942 ## - ADDED ENTRY ELEMENTS (KOHA)
Source of classification or shelving scheme Dewey Decimal Classification
Koha item type كتب
المقتنيات
حالة السحب حالة الفقدان مصدر التصنيف حالة التلف غير قابل للإعارة المكتبة الرئيسية المكتبة الحالية موقع الرف تاريخ التزويد الرقم المتسلسل Total Checkouts رقم الإستدعاء الباركود تاريخ آخر ظهور تاريخ الفاتورة نوع المادة (كوها)
    Dewey Decimal Classification     مكتبة الحسن العامة مكتبة الحسن العامة الإعارة 14/09/2018 04044   634.8/كرو PLD00431670 28/07/2025 14/09/2018 كتب
Implemented & Customized by: BBB with SCIT (Smart Chains for Information Technology)

Powered by Koha